Alphabet de l'histoire de Fance - Statistiques

Statistiques générales
  • Ce quiz a été pris 82 fois
  • Le résultat moyen est 14 sur 23
Statistiques - réponses
Hint Réponse % Correct
A Défaite de Vercingétorix face à Jules César (-52 av J.-C.) Alésia
94%
J Emile Zola à écrit cet article lors de l'affaire Dreyfus (1898) J'accuse
86%
I Simone Veil la légalisé (1975) IVG
83%
L Roi ayant le plus long règne de l'histoire (1643 - 1715) Louis XIV
82%
F Sa loi a mené à l'éducation obligatoire et gratuite pour tous (1882) Jules Ferry
79%
O Jeanne d'Arc libère cette ville contre les Anglais (1429) Orléans
79%
N Il s'est sacré lui même empereur (1804) Napoléon Bonaparte
76%
G Il a appelé à la résistance depuis la BBC à Londres (1940) Général de Gaulle
75%
D Texte fondamental qui proclame les droits naturels et inaliénables de l'Homme (1789) Déclaration des Droits de l'Homme et du Citoyen
70%
T Ce pays à obtenu son indépendance en même temps que le Maroc et l'Inde (1956) Tunisie
70%
B Massacre des protestants par les catholiques (1572) Saint-Barthélemy
69%
S L'Eglise et l'Etat (1905) Séparation
69%
W Défaite de Napoléon Ier, mène à la chute du Ire empire (1815) Bataille de Waterloo
65%
M Victoire de François Ier (1515) Marignan
65%
V Bataille importante de la Première Guerre mondiale (1916) Bataille de Verdun
63%
P Défaite des musulmans face à Charles Martel (732) Poitiers
62%
Q Régime instauré après la Seconde Guerre mondiale et marquée par une instabilité politique fréquente, notamment en raison de la décolonisation (1946-1958) Quatrième République
51%
R Il a assassiné Henri IV (1610) Ravaillac
49%
K Crise économique mondiale (1929) Krach boursier
37%
C Organisation parisienne contre le siège de Paris par les Prusse et contre la 3e république (1871) Commune de Paris
24%
E Il s'est occupé des «affaires juives et de l'évacuation» et il est responsable de la logistique de la « solution finale » Adolph Eichmann
21%
U Clovis Ire a rassemblé les différentes tribus franques sous son règne (Ve siècle) Unification des francs
1%
H Symbole révolutionnaire brandi pendant la Révolution française, notamment lors de l’exécution des ennemis de la République La Hache de Saint-Étienne
0%
Aucun quiz correspondant
Distribution des résultats
% des personnes avec chaque résultat
Percentile par nombre de réponses
Votre historique - résultats
Vous n’avez pas pris ce quiz